书目信息 |
| 题名: |
苹果病虫草害防治手册
|
|
| 作者: | 冯建国 主编 | |
| 分册: | ||
| 出版信息: | 北京 金盾出版社 2014 |
|
| 页数: | 11,386页 | |
| 开本: | 21cm | |
| 丛书名: | ||
| 单 册: | ||
| 中图分类: | S436.611-62 , S45-62 | |
| 科图分类: | ||
| 主题词: | 苹果--病虫害防治--手册 , 苹果--除草--手册 , 苹果 , 病虫害防治 , 除草 | |
| 电子资源: | ||
| ISBN: | 978-7-5082-8751-5 | |
| 000 | 00964nam0 2200289 450 | |
| 001 | 012015000800 | |
| 005 | 20150914161612.17 | |
| 010 | @a978-7-5082-8751-5@dCNY27.00 | |
| 100 | @a20140508d2014 em y0chiy50 ea | |
| 101 | 0 | @achi |
| 102 | @aCN@b110000 | |
| 105 | @aa z 000yy | |
| 106 | @ar | |
| 200 | 1 | @a苹果病虫草害防治手册@Aping guo bing chong cao hai fang zhi shou ce@f冯建国主编 |
| 210 | @a北京@c金盾出版社@d2014 | |
| 215 | @a11,386页@c彩照@d21cm | |
| 330 | @a本书内容包括:苹果病虫草害发生特点,苹果病害及防治,苹果害虫及防治,苹果园杂草及防除,苹果园害虫天敌及利用保护,苹果园常用农药及使用,苹果园病虫害调查、统计与测报以及苹果园病虫草害综合治理技术。 | |
| 606 | 0 | @a苹果@x病虫害防治@j手册 |
| 606 | 0 | @a苹果@x除草@j手册 |
| 606 | 0 | @a苹果 |
| 606 | 0 | @a病虫害防治 |
| 606 | 0 | @a除草 |
| 690 | @aS436.611-62@v5 | |
| 690 | @aS45-62@v5 | |
| 701 | 0 | @a冯建国@4主编 |
| 801 | 0 | @aCN@b碧洲教育@c20150718 |
| 905 | @a10447@f4@dS436.611-62@e101 | |
| 苹果病虫草害防治手册/冯建国主编.-北京:金盾出版社,2014 |
| 11,386页:彩照;21cm |
| ISBN 978-7-5082-8751-5:CNY27.00 |
| 本书内容包括:苹果病虫草害发生特点,苹果病害及防治,苹果害虫及防治,苹果园杂草及防除,苹果园害虫天敌及利用保护,苹果园常用农药及使用,苹果园病虫害调查、统计与测报以及苹果园病虫草害综合治理技术。 |
| ● |
| 相关链接 |
|
|
|
|
正题名:苹果病虫草害防治手册
索取号:S436.611-62/101
 
预约/预借
| 序号 | 登录号 | 条形码 | 馆藏地/架位号 | 状态 | 备注 |
| 1 | 0847983 | 208479831 | 第二样本阅览室/ [索取号:S436.611-62/101] | 在馆 | |
| 2 | 0847984 | 208479840 | 密集书库-生命科学系/ [索取号:S436.611-62/101] | 在馆 | |
| 3 | 0847985 | 208479859 | 第三借阅区/ [索取号:S436.611-62/101] | 在馆 | |
| 4 | 0847986 | 208479868 | 第三借阅区/ [索取号:S436.611-62/101] | 在馆 |